000
00322nam a2200133Ia 4500
008
220216s9999 xx 000 0 und d
245
0
_a
India has second thoughts over rubber in WTO parleys
260
_b
Planters Chronicle
_c
2002
300
_a
502
650
_a
India
650
_a
Rubber
650
_a
WTO
942
_c
JS
999
_c
61032
_d
61032